000 00783nam a2200229Ii 4500
003 JO-AjNU
008 230605s9999||||xx |||||||||||||| ||und||
017 _a2007/6/1774
020 _a9957-16-350.1
040 _aJO-AjNU
_bara
_erda
_cJO-AjNU
041 _aara
050 1 4 _aKMM423.S25.2008
100 3 _a السعيد، كامل ,
_eauthor
_911692
245 0 0 _aشرح قانون العقوبات : الجرائم الواقعة على الأموال
250 _aط1
264 3 1 _aعمان : دار الثقافة ، 2008
300 _a366ص
336 _atext
_btxt
_2rdacontent
337 _aunmediated
_bn
_2rdamedia
338 _avolume
_bnc
_2rdacarrier
650 4 _aالقانون الجنائي -- الأردن -- جرائم الأموال -- الجريمة
_911693
999 _aA2456
_c6024
_d6024